Pro Oracle Spatial for Oracle database 11g

Αποθηκεύτηκε σε:
Λεπτομέρειες βιβλιογραφικής εγγραφής
Κύριος συγγραφέας: Kothuri, Ravi 1972-
Άλλοι συγγραφείς: Godfrind, Albert, Beinat, Euro
Μορφή: Βιβλίο
Γλώσσα:English
Δημοσίευση: Berkeley, CA : Apress, c2007
Σειρά:Expert's voice in Oracle
Θέματα:
Ετικέτες: Προσθήκη ετικέτας
Δεν υπάρχουν, Καταχωρήστε ετικέτα πρώτοι!

MARC

LEADER 00000nam a2200000 i 4500
001 1/42575
008 140220s2007 eng d
020 |a 978-1-59059-899-3 
035 |l 10116773 
040 |a GR-MY-UA  |b gre  |e aacr 
041 0 |a eng 
082 0 |a 910.285  |2 (22) 
100 1 |a Kothuri, Ravi  |d 1972- 
245 1 0 |a Pro Oracle Spatial for Oracle database 11g /  |c Ravi Kothuri, Albert Godfrind, and Euro Beinat 
260 |a Berkeley, CA :   |b Apress,   |c c2007 
300 |a xxxiv, 787 σ.;  |c 25 εκ. 
490 1 |a Expert's voice in Oracle 
504 |a Περιλαμβάνει ευρετήριο 
630 0 0 |a Oracle (Computer file) 
650 0 0 |a Spatial systems. 
650 0 0 |a Geographic information systems. 
650 0 0 |a Management information systems. 
700 1 |a Godfrind, Albert. 
700 1 |a Beinat, Euro. 
852 |a INST  |b LESVOS  |e 20140220  |h 910.285 KOT  |p 005100053523  |q 005100053523  |t BK  |y 0 
901 |a BIBL1-2014-1 
909 |a Λ  |b 179375 
922 |a 1ΕΛΗ  |b 201306  |c ΤΜΗΜΑ ΓΕΩΓΡΑΦΙΑΣ  |d ΙΩΑΝΝΙΔΟΥ 
970 |a ΤΖΑΦΕΡΗ  |b ΕΥΑΓΓΕΛΙΑ  |z 2014/02/21